[Event "Mitropa Cup (Women) 5th"]
[Site "Olbia"]
[Date "2008.06.01"]
[Round "8.1"]
[White "Ignacz, Maria"]
[Black "Kopinits, Anna Christina"]
[Result "1-0"]
[WhiteElo "2173"]
[BlackElo "2192"]
[PlyCount "45"]
[EventDate "2008.05.25"]
[EventType "team-tourn"]
[EventRounds "5"]
[EventCountry "ITA"]
[Source "ChessBase"]
[SourceDate "2008.07.03"]
[WhiteTeam "Hungary"]
[BlackTeam "Austria"]
[WhiteTeamCountry "HUN"]
[BlackTeamCountry "AUT"]

1. d4 Nf6 2. c4 e6 3. g3 d5 4. Bg2 Be7 5. Nf3 O-O 6. O-O dxc4 7. Qc2 a6 8. Qxc4
b5 9. Qc2 Bb7 10. Bd2 Be4 11. Qc1 Qc8 12. Bf4 Nd5 13. Nbd2 Nxf4 14. gxf4 Bb7
15. Nb3 Nd7 16. Qc2 f5 17. Rfc1 Bd6 18. Ne5 Bxg2 19. Kxg2 Nb6 20. Qc6 Qd8 21.
Nc5 Qh4 22. Qf3 Nd5 23. Nxe6 1-0

[Event "Mitropa Cup (Women) 5th"]
[Site "Olbia"]
[Date "2008.06.01"]
[Round "8.2"]
[White "Horvath, Maria"]
[Black "Toth, Sarolta"]
[Result "1/2-1/2"]
[WhiteElo "2011"]
[BlackElo "2163"]
[PlyCount "65"]
[EventDate "2008.05.25"]
[EventType "team-tourn"]
[EventRounds "5"]
[EventCountry "ITA"]
[Source "ChessBase"]
[SourceDate "2008.07.03"]
[WhiteTeam "Austria"]
[BlackTeam "Hungary"]
[WhiteTeamCountry "AUT"]
[BlackTeamCountry "HUN"]

1. d4 Nf6 2. c4 c5 3. d5 b5 4. cxb5 a6 5. bxa6 g6 6. Nc3 Bxa6 7. e4 Bxf1 8.
Kxf1 d6 9. Nf3 Bg7 10. h3 O-O 11. Kg1 Nbd7 12. Kh2 Qa5 13. Re1 Rfb8 14. Re2 Rb4
15. a3 Rb7 16. Rc2 Ne8 17. Bg5 Rab8 18. Ra2 h6 19. Bd2 Qa6 20. Qe2 Qxe2 21.
Nxe2 Rxb2 22. Rcxb2 Rxb2 23. Rxb2 Bxb2 24. a4 Nef6 25. Bc3 Bxc3 26. Nxc3 Ne8
27. Nb5 Kg7 28. Nd2 f5 29. f3 Nef6 30. Nc4 Nb8 31. Kg3 fxe4 32. fxe4 e6 33. Kf4
1/2-1/2

[Event "Mitropa Cup (Women) 5th"]
[Site "Olbia"]
[Date "2008.06.01"]
[Round "8.1"]
[White "Hoolt, Sarah"]
[Black "Fischer, Selina"]
[Result "1-0"]
[WhiteElo "2258"]
[BlackElo "1873"]
[PlyCount "109"]
[EventDate "2008.05.25"]
[EventType "team-tourn"]
[EventRounds "5"]
[EventCountry "ITA"]
[Source "ChessBase"]
[SourceDate "2008.07.03"]
[WhiteTeam "Germany"]
[BlackTeam "Switzerland"]
[WhiteTeamCountry "GER"]
[BlackTeamCountry "SUI"]

1. e4 c6 2. Nc3 d5 3. Nf3 Bg4 4. h3 Bxf3 5. Qxf3 e6 6. Be2 Nd7 7. O-O Ngf6 8.
d4 dxe4 9. Nxe4 Nxe4 10. Qxe4 Nf6 11. Qh4 Be7 12. c4 O-O 13. b3 Re8 14. Bb2 Qa5
15. Rfd1 Ba3 16. Bxa3 Qxa3 17. Qf4 Rad8 18. Rd2 Rd7 19. Rad1 Red8 20. Bf3 Qd6
21. Qe3 Qa3 22. Kf1 Kf8 23. g3 Qa5 24. Ke2 Qc7 25. Bg2 h6 26. Qe5 Qd6 27. Qxd6+
Rxd6 28. Ke3 Ke7 29. b4 a5 30. bxa5 Ra8 31. Rb1 Rd7 32. Rdb2 Rxa5 33. Rxb7 c5
34. dxc5 Rxc5 35. Rxd7+ Nxd7 36. Kd4 Ra5 37. Rb2 e5+ 38. Kc3 f5 39. Kb4 Ra7 40.
Bc6 Nf8 41. c5 Ne6 42. a4 Rc7 43. Bb5 Nxc5 44. a5 Ne6 45. a6 Nc5 46. Ra2 Nxa6+
47. Bxa6 g5 48. Bc4 Rd7 49. Kc3 Kf6 50. Ra6+ Kg7 51. Be6 Rc7+ 52. Kd3 e4+ 53.
Kd4 Rc2 54. Bxf5 Rxf2 55. Kxe4 1-0

[Event "Mitropa Cup (Women) 5th"]
[Site "Olbia"]
[Date "2008.06.01"]
[Round "8.2"]
[White "De Seroux, Camille"]
[Black "Schoene, Maria"]
[Result "1-0"]
[WhiteElo "1867"]
[BlackElo "2197"]
[PlyCount "69"]
[EventDate "2008.05.25"]
[EventType "team-tourn"]
[EventRounds "5"]
[EventCountry "ITA"]
[Source "ChessBase"]
[SourceDate "2008.07.03"]
[WhiteTeam "Switzerland"]
[BlackTeam "Germany"]
[WhiteTeamCountry "SUI"]
[BlackTeamCountry "GER"]

1. e4 d6 2. d4 Nf6 3. Nc3 g6 4. f4 Bg7 5. Nf3 c5 6. Bb5+ Bd7 7. Bxd7+ Qxd7 8.
dxc5 dxc5 9. O-O Nc6 10. e5 Qxd1 11. Rxd1 Nd7 12. Be3 b6 13. Ng5 Nf8 14. Nd5
Rc8 15. Rd2 h6 16. Ne4 g5 17. Ndf6+ Bxf6 18. exf6 g4 19. Re1 Rd8 20. fxe7 Kxe7
21. Nxc5 Rxd2 22. Bxd2+ Kd8 23. Bc3 Rg8 24. Ne4 Nd7 25. Nd6 f6 26. Nf7+ Kc7 27.
Nxh6 Rg6 28. Nf5 a5 29. a3 Nc5 30. b4 axb4 31. axb4 Na4 32. Ba1 b5 33. Re4 Nb6
34. Ne3 Kd6 35. f5 1-0

[Event "Mitropa Cup (Women) 5th"]
[Site "Olbia"]
[Date "2008.06.01"]
[Round "8.1"]
[White "Sedina, Elena"]
[Black "Borosova, Zuzana"]
[Result "1/2-1/2"]
[WhiteElo "2356"]
[BlackElo "2231"]
[PlyCount "47"]
[EventDate "2008.05.25"]
[EventType "team-tourn"]
[EventRounds "5"]
[EventCountry "ITA"]
[Source "ChessBase"]
[SourceDate "2008.07.03"]
[WhiteTeam "Italy"]
[BlackTeam "Slovakia"]
[WhiteTeamCountry "ITA"]
[BlackTeamCountry "SVK"]

1. e4 e5 2. Nf3 Nc6 3. Bb5 a6 4. Ba4 Nf6 5. O-O Be7 6. Re1 b5 7. Bb3 d6 8. c3
O-O 9. d4 Bg4 10. Be3 exd4 11. cxd4 Na5 12. Bc2 c5 13. dxc5 dxc5 14. Nc3 Nc4
15. e5 Qxd1 16. Raxd1 Bxf3 17. exf6 Bxd1 18. fxe7 Bxc2 19. exf8=Q+ Rxf8 20.
Bxc5 Rc8 21. Nd5 Kh8 22. Nb6 Nxb6 23. Bxb6 h6 24. Rc1 1/2-1/2

[Event "Mitropa Cup (Women) 5th"]
[Site "Olbia"]
[Date "2008.06.01"]
[Round "8.2"]
[White "Varholakova, Nikoleta"]
[Black "Zimina, Olga"]
[Result "1/2-1/2"]
[WhiteElo "2225"]
[BlackElo "2363"]
[PlyCount "131"]
[EventDate "2008.05.25"]
[EventType "team-tourn"]
[EventRounds "5"]
[EventCountry "ITA"]
[Source "ChessBase"]
[SourceDate "2008.07.03"]
[WhiteTeam "Slovakia"]
[BlackTeam "Italy"]
[WhiteTeamCountry "SVK"]
[BlackTeamCountry "ITA"]

1. e4 c6 2. c4 d5 3. exd5 cxd5 4. cxd5 Nf6 5. Bb5+ Nbd7 6. Nc3 a6 7. Qa4 g6 8.
Nf3 Bg7 9. O-O O-O 10. Bxd7 Qxd7 11. Qxd7 Bxd7 12. Re1 Rfe8 13. d4 Bg4 14. Ne5
Bf5 15. Bg5 Rad8 16. Bxf6 Bxf6 17. h3 h5 18. a4 Kg7 19. Ra3 e6 20. g4 hxg4 21.
hxg4 Bxe5 22. gxf5 Bxd4 23. fxe6 fxe6 24. dxe6 Rd6 25. Kg2 Rdxe6 26. Rxe6 Rxe6
27. Rb3 Re7 28. Nd5 Rf7 29. Ne3 b6 30. Kf1 Rf4 31. Ke2 Bc5 32. Nd5 Rxf2+ 33.
Ke1 a5 34. Nxb6 Rf4 35. Nd7 Bb4+ 36. Ke2 Rc4 37. Nb6 Rc2+ 38. Kf3 Rh2 39. Kg4
Rg2+ 40. Kf3 Rh2 41. Ke4 Kh6 42. Nd5 Rh4+ 43. Nf4 g5 44. Rh3 Rxh3 45. Nxh3 g4
46. Nf4 Kg5 47. Ng2 Bc5 48. b3 Bf2 49. Nf4 Kh4 50. Nd3 Ba7 51. b4 axb4 52. Nxb4
Kh3 53. Nd3 Kh2 54. Nf4 g3 55. Kf3 Bb8 56. Ng2 Bc7 57. Ne3 Ba5 58. Nf1+ Kh3 59.
Nxg3 Kh4 60. Ne4 Kh5 61. Kf4 Kg6 62. Ke5 Kf7 63. Kd6 Ke8 64. Nc5 Bb4 65. Kc6
Bxc5 66. Kxc5 1/2-1/2

[Event "Mitropa Cup (Women) 5th"]
[Site "Olbia"]
[Date "2008.06.02"]
[Round "9.1"]
[White "Fischer, Selina"]
[Black "Mira, Helene"]
[Result "0-1"]
[WhiteElo "1873"]
[BlackElo "2147"]
[PlyCount "86"]
[EventDate "2008.05.25"]
[EventType "team-tourn"]
[EventRounds "5"]
[EventCountry "ITA"]
[Source "ChessBase"]
[SourceDate "2008.07.03"]
[WhiteTeam "Switzerland"]
[BlackTeam "Austria"]
[WhiteTeamCountry "SUI"]
[BlackTeamCountry "AUT"]

1. e4 g6 2. d4 Bg7 3. Nc3 c6 4. Nf3 d5 5. e5 Nh6 6. h3 f6 7. exf6 exf6 8. g4
Nf7 9. Qe2+ Qe7 10. Qxe7+ Kxe7 11. Bd3 Re8 12. Be3 Kf8 13. O-O-O Nd7 14. Rde1
Nb6 15. Nd2 Bd7 16. f3 Nc8 17. h4 Ncd6 18. Nd1 f5 19. g5 f4 20. Bf2 Rxe1 21.
Rxe1 Nf5 22. c3 N7d6 23. Rh1 Re8 24. h5 Kf7 25. h6 Bf8 26. c4 dxc4 27. Nxc4
Nxc4 28. Bxc4+ Be6 29. Bd3 Be7 30. Rg1 Rd8 31. Bxf5 Bxf5 32. Nc3 Be6 33. a3 Bd5
34. Ne2 Bd6 35. Nc3 Bxf3 36. d5 a6 37. dxc6 Bxc6 38. Bb6 Rd7 39. Rf1 Ke6 40.
Ne2 Kf5 41. Nxf4 Kxg5 42. Be3 Kg4 43. Bd2 Be5 0-1

[Event "Mitropa Cup (Women) 5th"]
[Site "Olbia"]
[Date "2008.06.02"]
[Round "9.2"]
[White "Horvath, Maria"]
[Black "De Seroux, Camille"]
[Result "1-0"]
[WhiteElo "2011"]
[BlackElo "1867"]
[PlyCount "105"]
[EventDate "2008.05.25"]
[EventType "team-tourn"]
[EventRounds "5"]
[EventCountry "ITA"]
[Source "ChessBase"]
[SourceDate "2008.07.03"]
[WhiteTeam "Austria"]
[BlackTeam "Switzerland"]
[WhiteTeamCountry "AUT"]
[BlackTeamCountry "SUI"]

1. d4 Nf6 2. c4 g6 3. Nc3 Bg7 4. e4 d6 5. f3 O-O 6. Be3 e5 7. d5 c6 8. Qd2 cxd5
9. cxd5 Nbd7 10. O-O-O a6 11. Kb1 b5 12. Rc1 Nb6 13. g4 Re8 14. Bh6 Bh8 15. h4
Bd7 16. h5 Rc8 17. Bd3 Nc4 18. Bxc4 Rxc4 19. Nge2 Bc8 20. Ng3 Re7 21. hxg6 fxg6
22. Bg5 Rec7 23. Nce2 Bd7 24. Rxc4 Rxc4 25. Rc1 Qc7 26. Rxc4 bxc4 27. Qb4 Be8
28. Be3 Nd7 29. Nf1 a5 30. Qc3 Nf6 31. Nd2 Bb5 32. b3 Nd7 33. Nxc4 a4 34. Qb4
Bxc4 35. Qxc4 Qxc4 36. bxc4 Bf6 37. Nc3 h5 38. gxh5 gxh5 39. Kc2 Nc5 40. Nd1
Na6 41. Kc3 Kg7 42. Nf2 Kg6 43. Nh3 Kf7 44. c5 dxc5 45. a3 Be7 46. Kc4 Bd6 47.
Kb5 Nb8 48. Bxc5 Bxc5 49. Kxc5 Nd7+ 50. Kb5 Ke7 51. Kxa4 Nc5+ 52. Kb5 Nd3 53.
a4 1-0

[Event "Mitropa Cup (Women) 5th"]
[Site "Olbia"]
[Date "2008.06.02"]
[Round "9.1"]
[White "Borosova, Zuzana"]
[Black "Hoolt, Sarah"]
[Result "1/2-1/2"]
[WhiteElo "2231"]
[BlackElo "2258"]
[PlyCount "33"]
[EventDate "2008.05.25"]
[EventType "team-tourn"]
[EventRounds "5"]
[EventCountry "ITA"]
[Source "ChessBase"]
[SourceDate "2008.07.03"]
[WhiteTeam "Slovakia"]
[BlackTeam "Germany"]
[WhiteTeamCountry "SVK"]
[BlackTeamCountry "GER"]

1. e4 c5 2. Nf3 e6 3. d4 cxd4 4. Nxd4 a6 5. Bd3 Bc5 6. Nb3 Be7 7. O-O d6 8. Qe2
Nd7 9. f4 Qc7 10. Nc3 Ngf6 11. Bd2 O-O 12. Rae1 Nc5 13. Nxc5 Qxc5+ 14. Be3 Qc7
15. Na4 Nd7 16. Qf2 Bd8 17. c4 1/2-1/2

[Event "Mitropa Cup (Women) 5th"]
[Site "Olbia"]
[Date "2008.06.02"]
[Round "9.2"]
[White "Schoene, Maria"]
[Black "Varholakova, Nikoleta"]
[Result "1-0"]
[WhiteElo "2197"]
[BlackElo "2225"]
[PlyCount "61"]
[EventDate "2008.05.25"]
[EventType "team-tourn"]
[EventRounds "5"]
[EventCountry "ITA"]
[Source "ChessBase"]
[SourceDate "2008.07.03"]
[WhiteTeam "Germany"]
[BlackTeam "Slovakia"]
[WhiteTeamCountry "GER"]
[BlackTeamCountry "SVK"]

1. e4 e5 2. Nf3 Nc6 3. Bb5 a6 4. Ba4 Nf6 5. d3 b5 6. Bb3 Be7 7. O-O O-O 8. a4
Bb7 9. Na3 d5 10. exd5 Nxd5 11. Bd2 Bf6 12. axb5 axb5 13. Nxb5 Rxa1 14. Qxa1
Nf4 15. Bxf4 exf4 16. Nc3 g5 17. Qa4 g4 18. Nd2 Nd4 19. Re1 Bc6 20. Qc4 Kh8 21.
Ba4 Bxa4 22. Qxa4 Rg8 23. Nce4 Be5 24. c3 Ne6 25. d4 g3 26. dxe5 gxf2+ 27. Kxf2
Qh4+ 28. Ke2 Qh5+ 29. Kd3 Rxg2 30. Qe8+ Rg8 31. Qxg8+ 1-0

[Event "Mitropa Cup (Women) 5th"]
[Site "Olbia"]
[Date "2008.06.02"]
[Round "9.1"]
[White "Sedina, Elena"]
[Black "Ignacz, Maria"]
[Result "1/2-1/2"]
[WhiteElo "2356"]
[BlackElo "2173"]
[PlyCount "70"]
[EventDate "2008.05.25"]
[EventType "team-tourn"]
[EventRounds "5"]
[EventCountry "ITA"]
[Source "ChessBase"]
[SourceDate "2008.07.03"]
[WhiteTeam "Italy"]
[BlackTeam "Hungary"]
[WhiteTeamCountry "ITA"]
[BlackTeamCountry "HUN"]

1. e4 c5 2. Nf3 d6 3. Bb5+ Nd7 4. d4 Ngf6 5. O-O cxd4 6. Qxd4 e5 7. Qd3 h6 8.
c4 Be7 9. Nc3 O-O 10. Bxd7 Bxd7 11. a4 Rc8 12. b3 a6 13. Ba3 Qa5 14. Rfc1 Rfd8
15. h3 Be6 16. Nd5 Bxd5 17. cxd5 Bf8 18. Nd2 b5 19. Bb2 Qb6 20. axb5 axb5 21.
b4 Nh5 22. g3 Be7 23. Nb3 Rc4 24. Rxc4 bxc4 25. Qxc4 Bg5 26. Ra6 Qb7 27. Kg2 f5
28. exf5 Qf7 29. h4 Qxf5 30. hxg5 Nf4+ 31. gxf4 Qg4+ 32. Kh2 Qh4+ 33. Kg1 Qg4+
34. Kf1 Qd1+ 35. Kg2 Qg4+ 1/2-1/2

[Event "Mitropa Cup (Women) 5th"]
[Site "Olbia"]
[Date "2008.06.03"]
[Round "10.1"]
[White "Kopinits, Anna Christina"]
[Black "Borosova, Zuzana"]
[Result "1/2-1/2"]
[WhiteElo "2192"]
[BlackElo "2231"]
[PlyCount "59"]
[EventDate "2008.05.25"]
[EventType "team-tourn"]
[EventRounds "5"]
[EventCountry "ITA"]
[Source "ChessBase"]
[SourceDate "2008.07.03"]
[WhiteTeam "Austria"]
[BlackTeam "Slovakia"]
[WhiteTeamCountry "AUT"]
[BlackTeamCountry "SVK"]

1. e4 e5 2. Nf3 Nc6 3. Bb5 a6 4. Bxc6 dxc6 5. O-O Qd6 6. Na3 Be6 7. Qe2 f6 8.
Rd1 O-O-O 9. d4 exd4 10. Nxd4 Qd7 11. Be3 Bd6 12. c4 c5 13. Nb3 Qc6 14. Qc2 Nh6
15. f3 Nf7 16. f4 Rde8 17. Nb1 Bf5 18. exf5 Rxe3 19. Nc3 Rhe8 20. Nd5 Re2 21.
Rd2 Re1+ 22. Rxe1 Rxe1+ 23. Kf2 Qe8 24. Na5 b6 25. Nc6 Rh1 26. Nce7+ Kb7 27.
Qe4 c6 28. Nc3 Bxe7 29. Re2 Qd7 30. Qxe7 {..48} 1/2-1/2

[Event "Mitropa Cup (Women) 5th"]
[Site "Olbia"]
[Date "2008.06.03"]
[Round "10.2"]
[White "Varholakova, Nikoleta"]
[Black "Mira, Helene"]
[Result "1/2-1/2"]
[WhiteElo "2225"]
[BlackElo "2147"]
[PlyCount "62"]
[EventDate "2008.05.25"]
[EventType "team-tourn"]
[EventRounds "5"]
[EventCountry "ITA"]
[Source "ChessBase"]
[SourceDate "2008.07.03"]
[WhiteTeam "Slovakia"]
[BlackTeam "Austria"]
[WhiteTeamCountry "SVK"]
[BlackTeamCountry "AUT"]

1. e4 g6 2. d4 Bg7 3. c3 d5 4. e5 f6 5. exf6 exf6 6. Bf4 Nh6 7. Nf3 O-O 8. Be2
c6 9. O-O Re8 10. Re1 Nd7 11. Nbd2 Nf8 12. Bd3 Be6 13. Qc2 Qd7 14. h3 Bf5 15.
Bxf5 Nxf5 16. Nf1 Rxe1 17. Rxe1 Re8 18. Rxe8 Qxe8 19. g4 Nh6 20. Ng3 Nf7 21. b3
Ne6 22. Qe2 Qd7 23. Bc1 Bf8 24. c4 dxc4 25. Ne4 Bg7 26. bxc4 Nxd4 27. Nxd4 Qxd4
28. Bb2 Qd8 29. Nc5 b6 30. Nd3 Qd7 31. c5 Ng5 1/2-1/2

[Event "Mitropa Cup (Women) 5th"]
[Site "Olbia"]
[Date "2008.06.03"]
[Round "10.1"]
[White "Hoolt, Sarah"]
[Black "Sedina, Elena"]
[Result "0-1"]
[WhiteElo "2258"]
[BlackElo "2356"]
[PlyCount "46"]
[EventDate "2008.05.25"]
[EventType "team-tourn"]
[EventRounds "5"]
[EventCountry "ITA"]
[Source "ChessBase"]
[SourceDate "2008.07.03"]
[WhiteTeam "Germany"]
[BlackTeam "Italy"]
[WhiteTeamCountry "GER"]
[BlackTeamCountry "ITA"]

1. e4 e6 2. d4 d5 3. Nc3 Nf6 4. e5 Nfd7 5. f4 c5 6. Nf3 Nc6 7. Be3 Be7 8. Qd2
O-O 9. Bd3 f6 10. exf6 Bxf6 11. O-O-O cxd4 12. Nxd4 Bxd4 13. Bxd4 Nxd4 14. Qe3
Qf6 15. Rhf1 Nc6 16. f5 Nde5 17. fxe6 Nxd3+ 18. Qxd3 Qg5+ 19. Kb1 Bxe6 20. h4
Qg6 21. Qb5 Rxf1 22. Rxf1 Qxg2 23. Rd1 d4 0-1

[Event "Mitropa Cup (Women) 5th"]
[Site "Olbia"]
[Date "2008.06.03"]
[Round "10.2"]
[White "De Seroux, Camille"]
[Black "Toth, Sarolta"]
[Result "1/2-1/2"]
[WhiteElo "1867"]
[BlackElo "2163"]
[PlyCount "26"]
[EventDate "2008.05.25"]
[EventType "team-tourn"]
[EventRounds "5"]
[EventCountry "ITA"]
[Source "ChessBase"]
[SourceDate "2008.07.03"]
[WhiteTeam "Switzerland"]
[BlackTeam "Hungary"]
[WhiteTeamCountry "SUI"]
[BlackTeamCountry "HUN"]

1. e4 c5 2. Nf3 e6 3. d4 cxd4 4. Nxd4 a6 5. Bd3 Qc7 6. O-O Nf6 7. Kh1 Bc5 8.
Nb3 Be7 9. Nc3 d6 10. f4 Nbd7 11. Qe2 b6 12. Bd2 Bb7 13. Rae1 h5 1/2-1/2

[Event "Mitropa Cup 27th"]
[Site "Olbia"]
[Date "2008.05.25"]
[Round "1.1"]
[White "Lenic, Luka"]
[Black "Neubauer, Martin"]
[Result "1-0"]
[WhiteElo "2584"]
[BlackElo "2486"]
[PlyCount "71"]
[EventDate "2008.05.25"]
[EventType "team-tourn"]
[EventRounds "9"]
[EventCountry "ITA"]
[Source "ChessBase"]
[SourceDate "2008.07.03"]
[WhiteTeam "Slovenia"]
[BlackTeam "Austria"]
[WhiteTeamCountry "SVK"]
[BlackTeamCountry "AUT"]

1. d4 Nf6 2. c4 e6 3. Nf3 c5 4. d5 d6 5. Nc3 exd5 6. cxd5 g6 7. e4 Bg7 8. h3
O-O 9. Bd3 b5 10. Nxb5 Re8 11. O-O Nxe4 12. Re1 a6 13. Na3 Nf6 14. Rxe8+ Nxe8
15. Bg5 Qc7 16. Qd2 Nd7 17. Nc4 Bb7 18. Bf1 Ndf6 19. Re1 Bxd5 20. Rxe8+ Rxe8
21. Bxf6 Bxc4 22. Bxg7 Bxf1 23. Bf6 Re6 24. Qf4 Bb5 25. Ng5 Re1+ 26. Kh2 Kf8
27. Bd8 Qb7 28. Nxh7+ Ke8 29. Qxd6 f5 30. Ba5 Qxh7 31. Qd8+ Kf7 32. Bxe1 c4 33.
Bb4 Qg7 34. Bc3 Qg8 35. Qd4 Qh7 36. Qd8 {..60} 1-0

[Event "Mitropa Cup 27th"]
[Site "Olbia"]
[Date "2008.05.25"]
[Round "1.2"]
[White "Baumegger, Siegfried"]
[Black "Borisek, Jure"]
[Result "0-1"]
[WhiteElo "2522"]
[BlackElo "2440"]
[PlyCount "74"]
[EventDate "2008.05.25"]
[EventType "team-tourn"]
[EventRounds "9"]
[EventCountry "ITA"]
[Source "ChessBase"]
[SourceDate "2008.07.03"]
[WhiteTeam "Austria"]
[BlackTeam "Slovenia"]
[WhiteTeamCountry "AUT"]
[BlackTeamCountry "SVK"]

1. c4 e5 2. Nc3 Bb4 3. Nd5 Be7 4. d4 d6 5. e4 c6 6. Nxe7 Qxe7 7. Ne2 Nf6 8. Nc3
O-O 9. d5 Na6 10. Bd3 cxd5 11. exd5 Bg4 12. f3 e4 13. Nxe4 Nxe4 14. O-O Bxf3
15. Qxf3 Nac5 16. Bxe4 Nxe4 17. Be3 a6 18. Rac1 b5 19. cxb5 axb5 20. a3 Qe5 21.
Rfd1 Ra4 22. Rc2 Nf6 23. Bf2 Ng4 24. Qg3 Rf4 25. h3 Nf6 26. Qd3 Ne4 27. Bd4
Qxd5 28. Be3 Qxd3 29. Rxd3 Rf5 30. Rd4 d5 31. Rb4 Nd6 32. Bf4 Nc4 33. Bc7 d4
34. Rf2 Rc5 35. Bg3 Rd8 36. b3 Nxa3 37. Ra2 Nc2 0-1

[Event "Mitropa Cup 27th"]
[Site "Olbia"]
[Date "2008.05.25"]
[Round "1.3"]
[White "Sebenik, Matej"]
[Black "Pilaj, Herwig"]
[Result "1/2-1/2"]
[WhiteElo "2502"]
[BlackElo "2322"]
[PlyCount "113"]
[EventDate "2008.05.25"]
[EventType "team-tourn"]
[EventRounds "9"]
[EventCountry "ITA"]
[Source "ChessBase"]
[SourceDate "2008.07.03"]
[WhiteTeam "Slovenia"]
[BlackTeam "Austria"]
[WhiteTeamCountry "SVK"]
[BlackTeamCountry "AUT"]

1. d4 d5 2. Nf3 Nf6 3. c4 c6 4. Nc3 dxc4 5. a4 Bf5 6. e3 e6 7. Bxc4 Bb4 8. O-O
Nbd7 9. Qe2 Bg6 10. e4 O-O 11. Bd3 Bh5 12. e5 Nd5 13. Nxd5 cxd5 14. Qe3 Re8 15.
Bd2 Qa5 16. Bxb4 Qxb4 17. Ne1 Rac8 18. Bb5 Qe7 19. Nd3 Red8 20. Rfc1 Bg6 21.
Bxd7 Qxd7 22. Nc5 Qe7 23. b4 b6 24. Na6 Rc4 25. Rc3 h6 26. f3 Qd7 27. b5 Rxc3
28. Qxc3 Rc8 29. Qa3 Rc4 30. Rc1 Qc8 31. Rxc4 Qxc4 32. Qb4 Bc2 33. Kf2 Bxa4 34.
Qxc4 dxc4 35. Nc7 c3 36. Ke3 c2 37. Kd2 Kf8 38. f4 g5 39. fxg5 hxg5 40. g3 g4
41. d5 exd5 42. Nxd5 Bxb5 43. Kxc2 Bc6 44. Nf4 Ke7 45. Kc3 a5 46. Kd4 Kd7 47.
h4 gxh3 48. Nxh3 Ke6 49. g4 a4 50. Nf4+ Ke7 51. Kc4 Kd7 52. g5 Ke7 53. Kb4 Kd7
54. e6+ fxe6 55. g6 Ke7 56. g7 Kf7 57. Nxe6 1/2-1/2

[Event "Mitropa Cup 27th"]
[Site "Olbia"]
[Date "2008.05.25"]
[Round "1.4"]
[White "Schachinger, Mario"]
[Black "Skoberne, Jure"]
[Result "0-1"]
[WhiteElo "2308"]
[BlackElo "2492"]
[PlyCount "72"]
[EventDate "2008.05.25"]
[EventType "team-tourn"]
[EventRounds "9"]
[EventCountry "ITA"]
[Source "ChessBase"]
[SourceDate "2008.07.03"]
[WhiteTeam "Austria"]
[BlackTeam "Slovenia"]
[WhiteTeamCountry "AUT"]
[BlackTeamCountry "SVK"]

1. e4 d6 2. d4 Nf6 3. Nc3 g6 4. f4 Bg7 5. Nf3 O-O 6. Bd3 Na6 7. O-O c5 8. d5
Bg4 9. h3 Bxf3 10. Qxf3 Nb4 11. a3 Nxd3 12. Qxd3 Nd7 13. Be3 Rc8 14. Rab1 a6
15. Ne2 c4 16. Qd2 Nc5 17. Bxc5 Rxc5 18. c3 e6 19. dxe6 fxe6 20. Rbd1 Qb6 21.
Kh1 Rb5 22. Qxd6 Qxd6 23. Rxd6 Rxb2 24. Nd4 Be5 25. Rd7 Rxf4 26. Rd8+ Kf7 27.
Nf3 Bxc3 28. g3 Ke7 29. Rfd1 Rxf3 30. R1d7+ Kf6 31. Rf8+ Ke5 32. Rxf3 Bd2 33.
Rf2 c3 34. Kg2 b5 35. Kf3 c2 36. Rfxd2 Rb3+ 0-1

[Event "Mitropa Cup 27th"]
[Site "Olbia"]
[Date "2008.05.25"]
[Round "1.1"]
[White "Haba, Petr"]
[Black "Saric, Ante"]
[Result "1/2-1/2"]
[WhiteElo "2544"]
[BlackElo "2505"]
[PlyCount "38"]
[EventDate "2008.05.25"]
[EventType "team-tourn"]
[EventRounds "9"]
[EventCountry "ITA"]
[Source "ChessBase"]
[SourceDate "2008.07.03"]
[WhiteTeam "Czech Republic"]
[BlackTeam "Croatia"]
[WhiteTeamCountry "CZE"]
[BlackTeamCountry "CRO"]

1. e4 e5 2. Nf3 Nf6 3. Nxe5 d6 4. Nf3 Nxe4 5. d4 d5 6. Bd3 Be7 7. O-O O-O 8.
Re1 Bf5 9. c4 c6 10. Qb3 dxc4 11. Bxc4 Nd6 12. Bf1 Nd7 13. Nc3 Nb6 14. d5 Nxd5
15. Nxd5 cxd5 16. Qxd5 Be6 17. Qd1 Bf6 18. Bf4 Nf5 19. Be5 Bxe5 1/2-1/2

[Event "Mitropa Cup 27th"]
[Site "Olbia"]
[Date "2008.05.25"]
[Round "1.2"]
[White "Bosiocic, Marin"]
[Black "Simacek, Pavel"]
[Result "1/2-1/2"]
[WhiteElo "2503"]
[BlackElo "2461"]
[PlyCount "78"]
[EventDate "2008.05.25"]
[EventType "team-tourn"]
[EventRounds "9"]
[EventCountry "ITA"]
[Source "ChessBase"]
[SourceDate "2008.07.03"]
[WhiteTeam "Croatia"]
[BlackTeam "Czech Republic"]
[WhiteTeamCountry "CRO"]
[BlackTeamCountry "CZE"]

1. e4 e5 2. Nf3 Nc6 3. Bb5 a6 4. Ba4 Nf6 5. O-O Nxe4 6. d4 b5 7. Bb3 d5 8. dxe5
Be6 9. Nbd2 Nc5 10. c3 d4 11. Ng5 Qxg5 12. Qf3 O-O-O 13. Bxe6+ fxe6 14. Qxc6
Qxe5 15. b4 Qd5 16. Qxd5 exd5 17. bxc5 dxc3 18. Nb3 d4 19. Ba3 g6 20. Bb4 Bg7
21. a4 bxa4 22. c6 d3 23. Rxa4 d2 24. Rxa6 Kb8 25. Nxd2 cxd2 26. Rd1 Rhe8 27.
Kf1 Re1+ 28. Rxe1 dxe1=Q+ 29. Kxe1 Bd4 30. Ra2 Re8+ 31. Kd1 Re6 32. Rd2 Bb6 33.
Rc2 Ka7 34. Ra2+ Kb8 35. Rc2 Ka7 36. f4 Ka6 37. Bc3 Rxc6 38. g4 Rc4 39. Be5 Rb4
{..100} 1/2-1/2

[Event "Mitropa Cup 27th"]
[Site "Olbia"]
[Date "2008.05.25"]
[Round "1.3"]
[White "Zilka, Stepan"]
[Black "Saric, Ivan"]
[Result "1/2-1/2"]
[WhiteElo "2472"]
[BlackElo "2500"]
[PlyCount "134"]
[EventDate "2008.05.25"]
[EventType "team-tourn"]
[EventRounds "9"]
[EventCountry "ITA"]
[Source "ChessBase"]
[SourceDate "2008.07.03"]
[WhiteTeam "Czech Republic"]
[BlackTeam "Croatia"]
[WhiteTeamCountry "CZE"]
[BlackTeamCountry "CRO"]

1. d4 Nf6 2. c4 g6 3. Nc3 Bg7 4. e4 d6 5. Nf3 O-O 6. Be2 e5 7. Be3 Na6 8. O-O
Ng4 9. Bg5 Qe8 10. Re1 exd4 11. Nxd4 Qe5 12. Nf3 Qc5 13. Bh4 Be6 14. Rc1 Bxc4
15. Nd5 Bxe2 16. Qxe2 Qa5 17. b4 Nxb4 18. Qd2 c5 19. h3 Ne5 20. Bf6 Nbc6 21.
Qxa5 Nxf3+ 22. gxf3 Nxa5 23. Be7 Rfd8 24. Bxd8 Rxd8 25. f4 Nc6 26. f5 Bd4 27.
Rb1 b6 28. Kg2 Kg7 29. f4 Rc8 30. Red1 Kf8 31. fxg6 hxg6 32. h4 Ne7 33. a4 Nxd5
34. exd5 Bf6 35. Kg3 c4 36. Rdc1 c3 37. Rc2 Rc4 38. a5 Rc5 39. axb6 axb6 40.
Rxb6 Rxd5 41. Kf3 Kg7 42. Rc6 Rd3+ 43. Ke2 Rd5 44. Kf3 Rd1 45. Ke2 Rh1 46. Rxd6
Rh2+ 47. Kd3 Rxh4 48. Rf2 Rh1 49. Rc6 Rd1+ 50. Ke2 Rb1 51. Kd3 Rb3 52. Rc2 Rb1
53. Ke4 Rh1 54. Rxf6 Kxf6 55. Rxc3 Rf1 56. Rc6+ Kg7 57. Rc7 Kf8 58. Ra7 Kg7 59.
Ke3 g5 60. fxg5 Kg6 61. Ra5 Rf5 62. Ra4 Kxg5 63. Rb4 Rf1 64. Ke2 Rc1 65. Kf3
Rc2 66. Kg3 Rc3+ 67. Kf2 Rc2+ 1/2-1/2